000 00953nam a22002777a 4500
005 20240530110522.0
008 160220s2013 ua a g b 000 0 ara d
017 _a2012/15023
_bمصر . دار الكتب المصرية
020 _a9772328796
040 _aEG-CaGPL
082 0 4 _221
_a370.3\
_bس م
100 0 _aسونيا هانم على قزامل .
245 1 2 _aالمعجم العصرى فى التربية /
_cسونيا هانم على قزامل .
250 _aط1.
260 _aالقاهرة :
_bعالم الكتب ،
_c2013 .
300 _a207 ص ؛
_c24 سم .
504 _aببليوجرافية : ص 191 - 207
650 0 4 _aالتعليم
_vمعاجم .
650 0 4 _aالتعليم التعاونى .
650 0 4 _aالتدريس .
650 0 4 _aالتفكير .
650 0 4 _aالتدريب المهنى .
650 0 4 _aالابداع .
942 _2ddc
_cBK
999 _c61914
_d61914